000 00403nam a2200145Ia 4500
005 20260328101446.0
008 260328s9999||||xx |||||||||||||| ||und||
100 _aGómez Ordóñez, Florángela
245 0 _aArte de la tierra :
_b Quimbayas /
_cFlorángela Gómez Ordóñez
250 _a1a ed.
260 _bFondo de Promoción de la Cultura
300 _a96 p.
650 _aESCULTURA
942 _cBK
999 _c8471
_d8471